[Event "FIDE Disabilities Olym"]
[Site "Belgrade"]
[Date "2023.02.03"]
[Round "?"]
[White "Osorio, Jesus Camilo"]
[Black "Nkhupi, Robert"]
[Result "1-0"]
[WhiteElo "1859"]
[BlackElo "1738"]
[PlyCount "95"]
[EventDate "2023.01.30"]
[EventType "team-swiss"]
[EventRounds "6"]
[EventCountry "SRB"]
[SourceTitle "CBM 212 Extra"]
[Source "ChessBase"]
[SourceDate "2023.03.31"]
[SourceVersion "1"]
[SourceVersionDate "2023.03.31"]
[SourceQuality "1"]
[WhiteTeam "Panama"]
[BlackTeam "Zambia"]
[WhiteTeamCountry "PAN"]
[BlackTeamCountry "ZAM"]

1. d4 c6 2. Nf3 d5 3. c3 Bf5 4. Bf4 Nf6 5. Nbd2 e6 6. Qb3 Qb6 7. e3 Nbd7 8. Be2 c5 9. 0-0 Be7 10. h3 0-0 11. Nh4 Bg6 12. Nxg6 hxg6 13. Qxb6 axb6 14. Bb5 Rfd8 15. Bg5 Kf8 16. Rfe1 e5 17. Nf3 e4 18. Nd2 Nh5 19. Bxe7+ Kxe7 20. b3 f5 21. c4 Rdc8 22. Bxd7 Kxd7 23. cxd5 cxd4 24. Nc4 Rxc4 25. bxc4 d3 26. Reb1 Ra6 27. Kf1 Kd6 28. Rb5 Nf6 29. Ke1 g5 30. Kd2 Nd7 31. Kc3 Kc7 32. d6+ Kxd6 33. Rxf5 Nc5 34. a3 Ra5 35. Rd5+ Kc6 36. f3 b5 37. Rd8 bxc4 38. Kxc4 b5+ 39. Kc3 Ra4 40. Rc8+ Kd6 41. Kb2 Rc4 42. Rc1 Kd5 43. fxe4+ Nxe4 44. Rd8+ Nd6 45. Rd1 Ke5 46. Rxd3 Nf5 47. R3d5+ Kf6 48. Rf8+ 1-0